000 00256nam a22001097a 4500
020 _a8127220396
082 _a631.1
_bPAL/OB
100 _aPal, Mahendra Singh
245 _aObjective agriculture
260 _aLudhiana
_bKalyani publishers
_c2012
942 _cBK
999 _c13943
_d13943